LDR 01209naa#a2200229#i#450# 001 RU\\bibl\121330 005 20260515130607.5 011 ## _a1994-4683 100 ## _a20230803b2023####ek#y0rusy0150####ca 102 ## _aRU 200 1# _aХАРАКТЕРИСТИКА МОРФОФУНКЦИОНАЛЬНЫХ И ФИЗИЧЕСКИХ ПОКАЗАТЕЛЕЙ СТУДЕНТОВ 1 КУРСА СИБИРСКОГО ГОСУДАРСТВЕННОГО УНИВЕРСИТЕТА ВОДНОГО ТРАНСПОРТА _eЖурнальная статья 210 1# _aМосква _cНациональный государственный Университет физической культуры, спорта и здоровья им. П.Ф. Лесгафта _d2023 215 ## _a6 с. 608 ## _aЖурнальная статья _2local 675 ## _aФилософия. Теория. Назначение. Методика. Этика. Эстетика. 796.01 _z 700 #1 _aРязанцев _gА И 700 #1 _aГребенников _gЕ К 700 #1 _aПахомова _gС В 700 #1 _aУкраинцева _gО Н 700 #1 _aМалютина _gЕ А 700 #1 _aРязанцев _gИ В 856 4# _auchzapiski.lesgaft.spb.ru _u